Historia de la postal en Chile

Enregistré dans:
Détails bibliographiques
Auteurs principaux: León Cáceres, Samuel (Auteur), Vergara Benítez, Fernando (Auteur), Padilla Macías, Katya (Auteur), Bustos-González, Atilio (Auteur)
Format: Livre
Langue:espagnol
Publié: Valparaíso, Chile Pontificia Universidad Católica de Valparaíso 2007
Collection:Manual Técnico, 1
Sujets:
Tags: Ajouter un tag
Pas de tags, Soyez le premier à ajouter un tag!

MARC

LEADER 00000cam a2200000 a 4500
001 UCI5242
003 CL-VaPUC
005 20220427074700.0
008 080314e20070000CL |||||||||||||||||spa|d
999 |c 329005  |d 329003 
020 |a 9789561704091 
040 |c Pontificia Universidad Católica de Valparaíso 
082 0 4 |a 741.683 LEO 2007  |2 21 
100 |a León Cáceres, Samuel  |e author  |9 377 
245 1 0 |a Historia de la postal en Chile 
260 |a Valparaíso, Chile  |b Pontificia Universidad Católica de Valparaíso  |c 2007 
300 |a 256 páginas 
490 0 |a Manual Técnico,  |v  1 
583 |a last modification  |c 20140718 09:09:55  |k Rodrigo Vera 
650 0 |a Tarjetas postales  |z CHILE  |9 329679 
650 0 |a Historia del arte  |x POSTALES  |z CHILE  |9 314877 
650 0 |a Patrimonio cultural  |z CHILE  |9 309364 
650 0 |a Historia de Chile   |y SIGLO 19  |9 322385 
700 0 |a Vergara Benítez, Fernando  |e author  |9 527448 
700 0 |a Padilla Macías, Katya  |e author  |9 527449 
700 |a Bustos-González, Atilio  |e author  |9 516598 
852 |a BIBCUR 
942 |c BK  |2 ddc 
945 |d 20080314 00:00:00  |a jtorresc 
952 |0 0  |1 0  |2 ddc  |4 0  |6 741_683000000000000_LEO_2007  |7 0  |8 A  |9 413245  |a BIBAGR  |b BIBAGR  |d 2019-11-22  |i 4414470  |o 741.683 LEO 2007  |p 4414470  |r 2025-01-20  |t 2  |w 2019-11-22  |y BK  |k AGR 
952 |0 0  |1 0  |2 ddc  |4 0  |6 741_683000000000000_LEO_2007  |7 0  |8 A  |9 413246  |a BIBARQ  |b BIBARQ  |d 2019-11-22  |i 4414489  |o 741.683 LEO 2007  |p 4414489  |r 2025-01-20  |t 4  |w 2019-11-22  |y BK  |k ARQ 
952 |0 0  |1 0  |2 ddc  |4 0  |6 741_683000000000000_LEO_2007  |7 0  |8 A  |9 413247  |a BIBART  |b BIBART  |d 2019-11-22  |i 4414497  |o 741.683 LEO 2007  |p 4414497  |r 2025-03-13  |t 15  |w 2019-11-22  |y BK  |k ART 
952 |0 0  |1 0  |2 ddc  |4 0  |6 741_683000000000000_LEO_2007  |7 0  |8 A  |9 413248  |a BIBDER  |b BIBDER  |d 2019-11-22  |i 4414500  |o 741.683 LEO 2007  |p 4414500  |r 2023-01-25  |t 16  |w 2019-11-22  |y BK  |k DER 
952 |0 0  |1 0  |2 ddc  |4 0  |6 741_683000000000000_LEO_2007  |7 0  |8 A  |9 413249  |a BIBHIS  |b BIBHIS  |d 2019-11-22  |i 4414519  |o 741.683 LEO 2007  |p 4414519  |r 2025-01-20  |t 5  |w 2019-11-22  |y BK  |k HIS 
952 |0 0  |1 0  |2 ddc  |4 0  |6 741_683000000000000_LEO_2007  |7 0  |8 A  |9 413250  |a BIBHIS  |b BIBHIS  |d 2019-11-22  |i 4414527  |l 1  |o 741.683 LEO 2007  |p 4414527  |r 2025-01-20  |s 2024-04-04  |t 6  |w 2019-11-22  |y BK  |k HIS 
952 |0 0  |1 0  |2 ddc  |4 0  |6 741_683000000000000_LEO_2007  |7 0  |8 F  |9 413255  |a BIBGIM  |b BIBGIM  |d 2019-11-22  |i 4414578  |o 741.683 LEO 2007  |p 4414578  |r 2025-01-15  |t 13  |w 2019-11-22  |y BK_F  |k GIM 
952 |0 0  |1 0  |2 ddc  |4 0  |6 741_683000000000000_LEO_2007  |7 0  |8 A  |9 413256  |a BIBEDU  |b BIBEDU  |d 2019-11-22  |i 4414586  |o 741.683 LEO 2007  |p 4414586  |r 2019-11-22  |t 10  |w 2019-11-22  |y BK  |k BME 
952 |0 0  |1 0  |2 ddc  |4 0  |6 741_683000000000000_LEO_2007  |7 0  |8 F  |9 413257  |a BIBING  |b BIBING  |d 2019-11-22  |i 4414608  |o 741.683 LEO 2007  |p 4414608  |r 2025-01-20  |t 11  |w 2019-11-22  |y BK_F  |k ING 
952 |0 0  |1 0  |2 ddc  |4 0  |6 741_683000000000000_LEO_2007  |7 0  |8 A  |9 413258  |a BIBALI  |b BIBALI  |c REF  |d 2019-11-22  |i 4414616  |o 741.683 LEO 2007  |p 4414616  |r 2025-01-20  |t 12  |w 2019-11-22  |y BK_F  |k ALI 
952 |0 0  |1 0  |2 ddc  |4 0  |6 741_683000000000000_LEO_2007  |7 0  |8 X  |9 413260  |a FDOMLP  |b FDOMLP  |d 2019-11-22  |i 4420462  |o 741.683 LEO 2007  |p 4420462  |r 2019-11-22  |t 14  |w 2019-11-22  |y BK_X  |k BU2 
952 |0 0  |1 0  |2 ddc  |4 0  |6 741_683000000000000_LEO_2007  |7 0  |8 X  |9 413261  |a FDOBUD  |b FDOBUD  |d 2019-11-22  |i 4604946  |o 741.683 LEO 2007  |p 4604946  |r 2019-11-22  |t 9  |w 2019-11-22  |y BK_X  |k FHP 
952 |0 0  |1 0  |2 ddc  |3 erd  |4 0  |6 741_683000000000000_LEO_2007  |7 0  |8 A  |9 413267  |a BIBAGR  |b BIBAGR  |i 546255K  |l 1  |o 741.683 LEO 2007  |p 546255K  |r 2025-01-20  |s 2024-09-02  |t 3  |w 2019-11-22  |y BK  |z Catalogado en:20180413  |k AGR